| 000 | 03282cam a22004934i 4500 | ||
|---|---|---|---|
| 003 | PE-LiUPU | ||
| 005 | 20250731173345.0 | ||
| 008 | 150706s r 000 0 d | ||
| 020 | _a9780664221225 | ||
| 035 | _a(Sirsi) i9780664221225 | ||
| 040 |
_aPE-LiUPU _bspa _cPE-LiUPU _erda |
||
| 049 | _aPRUA | ||
| 082 | 0 | 4 |
_a225.07 _bNTL _221 |
| 100 | 1 |
_aCousar, Charles B., _eautor. |
|
| 245 | 1 | 0 |
_aPhilippians and Philemon : _ba commentary / _cCousar Charles B. |
| 264 | 1 |
_aLouisville, KY : _bWestminster/John Knox Press, _c2009. |
|
| 300 |
_a112 páginas ; _c23 centímetros |
||
| 336 |
_atext _2rdacontent |
||
| 337 |
_aunmediated _2rdamedia |
||
| 338 |
_avolume _2rdacarrier |
||
| 490 | 0 | _aTeh New Testament Library | |
| 504 | _aIncluye bibliografía. | ||
| 505 | 0 | _aPhilippi: City and Church -- The Letter: Authorship and Integrity -- The Place and Date of Writing -- The Character of the Letter -- The Structure of the Letter -- The Opponents -- The Message of the Letter -- 1:1-11 Introduction -- 1:1-2 Salutation -- 1:3-11Prayer for the Philippians -- 1:3-8 Thanksgiving -- 1:9-11 Petition -- 1:12-26 Reassurance about the Sender -- 1:-14 Paul's Imprisonment and the Spread of the Gospel -- 1:15-18a Contrasting Preachers of the Gospel -- 1:18b-26 Paul's Anticipated Deliverance -- 1:27-2:18 Concern for the Recipients -- 1:27-30 To Express Unity and Courage in the Face of Opposition -- 2:1-11To Manifest Unity and Humility after the Manner of the Christ-Event -- 2:5-11The "Christ Hymn" -- 2:12-18 Concern for the Recipients -- 2:19-30 Travel Plans and Examples to be Followed -- Travelogue -- The Commendation of Two Models -- 3:1-4:3 Further Exhortations and Warnings -- 3:1-4a Call to ejoice, Warning against Mutilators, the Church as True Circumcision -- 3:4b-16 Paul's Story to Be Imitated -- 3:12-16 Identification and Acceptance of Christ's claim -- 3:17-19 Take Note of the "Enemies of the Cross" -- 3:20-21The Church's Heavenly Citizenship -- 4:1-3 Appeals to Steadfastness and Unity -- 4:4-23 Closing -- 4:4-9 Final Exhortations -- 4:10-20 The Matter of Giving and Receiving -- 4:21-23 Greetings and Benediction -- Philemon -- Introduction to Philemon -- Commentary -- 1:1-3 Salutations -- 1:4-7 Thanksgiving -- 1:8-16 Paul's Prayerful Appeal -- 1:17-21 Paul's Confidence in Philemon's Response -- 1:22-25 Paul's Travel Plans and Greetings from Friends -- .Paul and Slave Ownership. | |
| 526 | _aSEG42 | ||
| 526 | _aSEG41 | ||
| 526 | _aSEG40 | ||
| 526 | _aSEG39 | ||
| 526 | _aP94 | ||
| 526 | _aP87 | ||
| 526 | _aP86 | ||
| 526 | _aP85 | ||
| 526 | _aP77 | ||
| 526 | _aP76 | ||
| 526 | _aP35 | ||
| 541 | _g48101-1479; | ||
| 630 |
_aBiblia. _pN.T. _pFilemón _xComentarios. |
||
| 630 |
_aBiblia. _pN.T. _pFilipenses _xComentarios. |
||
| 910 |
_agl _bjv _clch _d20091118 |
||
| 942 |
_2ddc _cBOOK |
||
| 949 |
_a225.07 NTL 11 _wDEWEY _c1 _i60643 _lCCODEBUL1 _mBUL _p30.00 _r0 _sY _tBOOK _u2015-7-6 _xTEOLOGIA _zUNKNOWN _0COMPRA _o.STAFF. Colección General |
||
| 994 |
_aC0 _bPEPRU |
||
| 596 | _a1 | ||
| 999 |
_a225.07 NTL 11 _wDEWEY _c50059 _i60643 _f2021-11-9 _g5 _lCCODEBUL1 _mBUL _p30.00 _r0 _sY _tBOOK _u2015-7-6 _xTEOLOGIA _zUNKNOWN _0COMPRA _o.STAFF. Colección General _d50059 |
||
| 980 |
_81 _gALBERTO SANCHEZ Responsable de Automatización |
||